000
00316nam a2200121Ia 4500
008
210430s9999 xx 000 0 und d
082
_a
297 M9631S
100
_a
Muhammad Munir
_9
54596
245
_a
Sar e Hayat /
_c
Muhammad Munir
260
_a
Rawalpindi
_b
Imtiazi Printers
_c
1979
300
_a
317
942
_c
BK
_2
ddc
999
_c
565222
_d
565222